Mystic Monpas of Tawang Himalaya/ (Record no. 68806)

MARC details
000 -LEADER
fixed length control field 00817nam a22002057a 4500
005 - DATE AND TIME OF LATEST TRANSACTION
control field 20120731111212.0
010 ## - LCCN (DPL NO)
LC control number B-454596
020 ## - INTERNATIONAL STANDARD BOOK NUMBER
International Standard Book Number 9798173871947
Terms of availability 600.00
035 ## - SYSTEM CONTROL NUMBER
System control number B-454596
037 ## - SOURCE OF ACQUISITION
Stock number dpl
Source of stock number/acquisition Blueberry Pub/Ven
082 ## - DEWEY DECIMAL CLASSIFICATION NUMBER
Classification number 954.511
100 ## - MAIN ENTRY--PERSONAL NAME
Personal name Biswal, Ashok
245 ## - TITLE STATEMENT
Title Mystic Monpas of Tawang Himalaya/
Statement of responsibility, etc by Ashok Biswal
260 ## - PUBLICATION, DISTRIBUTION, ETC. (IMPRINT)
Place of publication, distribution, etc New Delhi
Name of publisher, distributor, etc Indus Publisher
Date of publication, distribution, etc 2006
270 ## - ADDRESS
Address FS-5 Tagore Garden
City New Delhi
300 ## - PHYSICAL DESCRIPTION
Extent 232 p.
Dimensions 22cm
942 ## - ADDED ENTRY ELEMENTS (KOHA)
Source of classification or shelving scheme Dewey Decimal Classification
Item type English Books
Call number suffix BIS
Classification part 954.511
Holdings
Withdrawn status Lost status Not for loan Collection code Home library Current library Date acquired Source of acquisition Cost, normal purchase price Full call number Barcode Copy number Cost, replacement price Koha item type
      Non-fiction Central Library Central Library 07/08/2012 Blue Berry/7232/09.11.2011/06/15.09.2011/30.11.2011 600.00 954.511 BIS B-454596 1 600.00 English Books

© Delhi Public Library
Hit Counter
free hit counter